LEADER 01024nam0-22003011i-450 001 990001693820403321 005 20190529131321.0 035 $a000169382 035 $aFED01000169382 035 $a(Aleph)000169382FED01 035 $a000169382 100 $a20030910d1972----km-y0itay50------ba 101 0 $aita 200 1 $aSuccesive osservazioni sulle reazioni di piante di olivo sottoposte a trattamenti con sostanze chimiche pro-cascola$fAngelo Godini 210 $aBari$c...$d1972 215 $ap. 491-496$d24 cm 300 $aEstr. da: Annali della Facoltà di Agraria Università, Bari, 25,1972. 610 0 $aOlea europaea 610 0 $aFitopatologia 676 $a634.63 700 1$aGodini,$bAngelo$069693 801 0$aIT$bUNINA$gRICA$2UNIMARC 901 $aLG 912 $a990001693820403321 952 $a60 OP. 89/38$b44674$fFAGBC 959 $aFAGBC 996 $aSuccesive osservazioni sulle reazioni di piante di olivo sottoposte a trattamenti con sostanze chimiche pro-cascola$9360632 997 $aUNINA